| 000 | 00807 a2200241 4500 | ||
|---|---|---|---|
| 001 | 49294 | ||
| 005 | 20260407155756.0 | ||
| 008 | 260407a2019 arg spa d | ||
| 003 | AR-UNSa-BCEJYS | ||
| 040 |
_aAR-UNSa-BCEJYS _bspa _cAR-UNSa-BCEJYS |
||
| 080 |
_a336.226.331 _xImpuestos sobre comestibles, bebidas y tabaco (Impuestos Internos) |
||
| 245 | 1 | 0 |
_aImpuestos internos _pversión 3.4 |
| 020 | _a978-987-01-2325-5 | ||
| 264 | 1 |
_aBuenos Aires : _bErrepar _c2019 |
|
| 300 |
_a49 p. _c21 cm. |
||
| 041 | _aspa | ||
| 942 | _cBK | ||
| 590 | _aniveau_biblio:m niveau_hierar:0 | ||
| 100 | 1 | _aArgentina [Leyes, etc.] | |
| 700 | 1 | _aParada, Ricardo Antonio | |
| 700 | 1 | _aErrecaborde, José Daniel | |
| 856 | 4 | 1 |
_uhttps://www.biblioeco.unsa.edu.ar/pmb/images/libros/L127937.jpg _yImagen de portada _qimage/jpeg |
| 999 |
_c4794 _d4794 |
||